The International debt crisis and its impact on Central America and the Caribbean /

Gardado en:
Detalles Bibliográficos
Autor Principal: Stallings, Barbara
Autores Corporativos: INIES, CRIES
Formato: Texto
Publicado: Managua: CRIES
Etiquetas: Engadir etiqueta
Sen Etiquetas, Sexa o primeiro en etiquetar este rexistro!

MARC

LEADER 00000 a a2200000 04500
001 20944
003
040
090 |a 089900  
100 |a Stallings, Barbara  
110 |a INIES  
245 |a The International debt crisis and its impact on Central America and the Caribbean /  |c INIES  
260 |a Managua:   |b CRIES  
300 |a 10 p.  
710 |a CRIES  
999 |c 15952  |d 15952